Statistics for Modern-Day Countries Conquered by Julius Caesar on a Map

Click here to take the quiz!

General Stats

  • This quiz has been taken 857 times
  • The average score is 35 of 36

Answers on the Map

Answers color-coded by a green-red scale on the quiz's map according to % correct below.
 

Answer Stats

Country% Correct
France
100%
Italy
100%
Spain
100%
Belgium
99%
Egypt
99%
Germany
99%
Greece
99%
Morocco
99%
Netherlands
99%
Portugal
99%
Switzerland
99%
Turkey
99%
Croatia
98%
Cyprus
98%
Luxembourg
98%
Vatican City
98%
Albania
97%
Algeria
97%
Andorra
97%
Israel
97%
Libya
97%
Malta
97%
Monaco
97%
San Marino
97%
Tunisia
97%
Bosnia and Herzegovina
96%
North Macedonia
96%
Austria
95%
Lebanon
95%
Montenegro
95%
Slovenia
95%
Syria
95%
Bulgaria
94%
Jordan
91%
Georgia
88%
Kosovo
78%

Score Distribution

Percentile by Number Answered

Percent of People with Each Score

Your Score History

You have not taken this quiz